00873 2200181 4500001002100000005001500021035002000036245004500056100002100101250001700122300003400139260003100173082001000204084001600214020002200230650001800252520042100270INLIS00000000000099820250323072258 a0010-03250000941 aDaur Hidup Kupu-Kupu /cW. Falisha Yumna0 aW. Falisha Yumna acetakan ke-1 aii, 22 hlm :bilus ;c25,5 cm aSolo :bTiga Ananda,c2019 a591.5 a591.5 W. d a978-623-206-270-2 4aNonfiksi anak aBagaimana cara ulat berubah menjadi kupu-kupu? Seperti apa telurnya? Di mana kupu-kupu bertelur? Buku ini dilengkapi fakta-fakta menakjubkan tentang kupu-kupu dan daur hidupnya. Selain itu, ada penjelasan tentang perubahan ulat hingga menjadi kupu-kupu dewasa, juga keunikan bentuk tubuhnya. Foto-foto di dalamnya akan memudahkan kamu memahami isi buku ini. Selamat bertualang menjelajahi daur hidup kupu-kupu.